|
|
|
|
| LEADER |
00000nlm0a2200000 4500 |
| 001 |
219278 |
| 005 |
20231101230240.0 |
| 035 |
|
|
|a (RuTPU)RU\TPU\book\239320
|
| 090 |
|
|
|a 219278
|
| 100 |
|
|
|a 20120704d2012 k y0rusy50 ca
|
| 101 |
0 |
|
|a rus
|
| 102 |
|
|
|a RU
|
| 105 |
|
|
|a y z 100zy
|
| 135 |
|
|
|a vocna---uucaa
|
| 181 |
|
0 |
|a i
|
| 182 |
|
0 |
|a b
|
| 200 |
1 |
|
|a Десять лет вместе. Корпоративные библиотечные системы: технологии и инновации
|b Электронный ресурс
|e 10 международная конференция и выставка. Санкт-Петербург-Тарту-Таллинн, 25 июня-01 июля 2012 г.
|
| 203 |
|
|
|a Текст
|c электронный
|
| 210 |
|
|
|a СПб.
|c Арбикон
|d 2012
|
| 215 |
|
|
|a 1 Мультимедиа CD-ROM
|
| 230 |
|
|
|a Мультимедиа ресурсы (10 директорий; 100 файлов; 740MB)
|
| 337 |
|
|
|a Pentium 100 MHz, 16 Mb RAM, Windows 95/98/NT/2000, CDROM, SVGA, звуковая карта, Internet Explorer 5.0 и выше
|
| 606 |
1 |
|
|a Библиотечное дело
|x Организация
|y Россия
|2 stltpush
|3 (RuTPU)RU\TPU\subj\28619
|9 52135
|
| 610 |
1 |
|
|a библиотеки
|
| 610 |
1 |
|
|a библиотечная инноватика
|
| 610 |
1 |
|
|a библиотечная деятельность
|
| 610 |
1 |
|
|a библиотечное обслуживание
|
| 610 |
1 |
|
|a библиотечные технологии
|
| 610 |
1 |
|
|a библиотечные системы
|
| 610 |
1 |
|
|a конференции
|
| 610 |
1 |
|
|a Санкт-Петербург
|
| 610 |
1 |
|
|a CD-ROM
|
| 686 |
|
|
|a Ч734(2)л0
|v LBC/SL-A
|2 rubbk
|
| 712 |
1 |
2 |
|a 10 лет вместе. Корпоративные библиотечные системы:технологии и инновации
|b международная конференция
|d 10
|e Санкт-Петербург
|f 2012
|
| 801 |
|
1 |
|a RU
|b 63413507
|c 20120704
|
| 801 |
|
2 |
|a RU
|b 63413507
|c 20130115
|g RCR
|
| 942 |
|
|
|c CF
|